Slováci uprednostňujú virtuálne platobné karty

Bezpečnosť, rýchlosť, jednoduchosť a žiadne zbytočné prepočítavanie drobných. Tak Slováci opisujú ideálny spôsob platenia v obchodoch alebo za služby. Počet ľudí, ktorí uprednostňujú bezhotovostné platby sa dlhodobo zvyšuje.

Uložené v:
Podrobná bibliografia
Hlavný autor: Alenová, Gabriela
Médium: Kapitola
Jazyk:Slovak
Predmet:
Tagy: Pridať tag
Žiadne tagy, Buďte prvý, kto otaguje tento záznam!

MARC

LEADER 00000naa a2200000 4500
001 0296950
005 20240417075252.9
041 0 |a slo 
044 |a SK 
245 1 0 |a Slováci uprednostňujú virtuálne platobné karty  |c Gabriela Alenová 
520 |a Bezpečnosť, rýchlosť, jednoduchosť a žiadne zbytočné prepočítavanie drobných. Tak Slováci opisujú ideálny spôsob platenia v obchodoch alebo za služby. Počet ľudí, ktorí uprednostňujú bezhotovostné platby sa dlhodobo zvyšuje. 
610 2 0 |a aplikácie mobilné 
610 2 0 |a karty platobné 
610 2 0 |a platby elektronické 
610 2 0 |a platby bezhotovostné 
610 2 0 |a prieskum 
610 2 0 |a Slovensko 
100 1 |a Alenová, Gabriela